Statistiques concernant Tous les cantons des Bouches-du-Rhône sur une carte

Cliquez ici pour prendre le quiz!

Statistiques générales

  • Ce quiz a été pris 77 fois
  • Le résultat moyen est 22 sur 29

Réponses sur la Carte

Les réponses sont colorées sur une échelle allant du rouge au vert en fonction du pourcentage des utilisateurs qui les ont devinées à leur premier essai. Vous pouvez retrouver ces pourcentages ci-dessous.
 

Statistiques - réponses

Canton% Correct
Marseille-1
97%
Marseille-10
97%
Marseille-11
97%
Marseille-12
97%
Marseille-2
97%
Marseille-3
97%
Marseille-4
97%
Marseille-5
97%
Marseille-6
97%
Marseille-7
97%
Marseille-8
97%
Marseille-9
97%
Arles
95%
Aix-en-Provence-1
92%
Aix-en-Provence-2
92%
Martigues
87%
Istres
82%
Aubagne
79%
Marignane
76%
La Ciotat
66%
Salon-de-Provence-1
61%
Salon-de-Provence-2
61%
Vitrolles
58%
Allauch
42%
Gardanne
42%
Châteaurenard
39%
Berre-l'Etang
34%
Pélissanne
24%
Trets
24%

Distribution des résultats

Percentile par nombre de réponses

% des personnes avec chaque résultat

Votre développement - résultats

Vous n’avez pas pris ce quiz